Japan Geography by letter-K - Statistics

General Stats
  • This quiz has been taken 99 times
  • The average score is 10 of 20
Answer Stats
Hint Answer % Correct
Port city in Kansai known for its beef Kobe
94%
Ancient city near Osaka Kyoto
91%
3rd biggest of Japan's islands Kyushu
81%
City in above prefecture with over 1 million inhabitants Kawasaki
63%
Prefecture directly to the south of Tokyo Kanagawa
60%
Another of Tokyo's 23 wards Kita
58%
Southernmost of Kyushu's prefectures Kagoshima
57%
The region centred on Tokyo Kanto
57%
Major city in Fukuoka Prefecture Kitakyushu
54%
Another of Shikoku's prefectures Kochi
54%
Castle city in Kyushu, also name of the prefecture Kumamoto
54%
The region centred on Osaka Kansai
52%
Shikoku's smallest prefecture by area Kagawa
51%
Major city in Ishikawa prefecture Kanazawa
42%
City in above prefecture with many temples Kamakura
34%
Famous temple in above city Kinkakuji
33%
Another of Tokyo's 23 wards Koto
33%
City on the East coast of Hokkaido Kushiro
30%
One of Tokyo's 23 wards Katsushika
28%
Name of castle and area in above city Kokura
25%
No matching quizzes found
Score Distribution
Percent of People with Each Score
Percentile by Number Answered
Your Score History
You have not taken this quiz